[Event "World Youth & Cadets Rapid Championships"]
[Site "Rhodes, Greece"]
[Date "2022.05.01"]
[Round "9.5"]
[White "Laux, Dominik"]
[Black "Ince, Taylan Ruzgar"]
[Result "0-1"]
[TimeControl "10'/game & 5\"/move"]
[WhiteElo "2232"]
[BlackElo "2018"]

1. d4 {[%clk 00:10:05]} Nf6 {[%clk 00:10:09]} {[%emt 00:00:58]} 2. Bg5 {[%clk
00:10:13]} d5 {[%clk 00:10:12]} {[%emt 00:00:02]} 3. e3 {[%clk 00:10:16]}
{[%emt 00:00:03]} c5 {[%clk 00:10:15]} 4. Bxf6 {[%clk 00:10:19]} {[%emt
00:00:02]} gxf6 {[%clk 00:10:19]} {[%emt 00:00:01]} 5. Nc3 {[%clk 00:10:23]}
{[%emt 00:00:02]} Nc6 {[%clk 00:10:23]} {[%emt 00:00:01]} 6. Qh5 {[%clk
00:10:26]} {[%emt 00:00:02]} e6 {[%clk 00:10:27]} 7. Nf3 {[%clk 00:10:29]}
{[%emt 00:00:02]} cxd4 {[%clk 00:10:30]} {[%emt 00:00:02]} 8. exd4 {[%clk
00:10:32]} {[%emt 00:00:02]} Qb6 {[%clk 00:10:33]} {[%emt 00:00:01]} 9. O-O-O
{[%clk 00:09:15]} {[%emt 00:01:23]} Bd7 {[%clk 00:10:37]} 10. Bb5 {[%clk
00:08:19]} {[%emt 00:01:00]} a6 {[%clk 00:08:53]} {[%emt 00:01:50]} 11. Ba4
{[%clk 00:07:36]} {[%emt 00:00:47]} Be7 {[%clk 00:08:19]} {[%emt 00:00:40]} 12.
Rhe1 {[%clk 00:07:13]} {[%emt 00:00:28]} Rc8 {[%clk 00:07:59]} {[%emt
00:00:24]} 13. Qh6 {[%clk 00:06:24]} {[%emt 00:00:54]} Na5 {[%clk 00:07:40]}
{[%emt 00:00:25]} 14. Qg7 {[%clk 00:05:02]} {[%emt 00:01:26]} Rf8 {[%clk
00:07:32]} {[%emt 00:00:13]} 15. Bxd7+ {[%clk 00:04:38]} {[%emt 00:00:30]} Kxd7
{[%clk 00:07:35]} {[%emt 00:00:02]} 16. Rd3 {[%clk 00:03:37]} {[%emt 00:01:06]}
Qc6 {[%clk 00:06:14]} {[%emt 00:01:26]} 17. Qxh7 {[%clk 00:02:52]} {[%emt
00:00:49]} b5 {[%clk 00:06:14]} {[%emt 00:00:05]} 18. Re2 {[%clk 00:02:46]}
{[%emt 00:00:11]} b4 {[%clk 00:05:21]} {[%emt 00:00:59]} 19. Nd1 {[%clk
00:02:49]} {[%emt 00:00:02]} Nb7 {[%clk 00:04:42]} {[%emt 00:00:44]} 20. g4
{[%clk 00:02:37]} {[%emt 00:00:17]} Rh8 {[%clk 00:04:24]} {[%emt 00:00:23]} 21.
Qxf7 {[%clk 00:02:25]} {[%emt 00:00:17]} Rcf8 {[%clk 00:04:28]} 22. Qg7 {[%clk
00:02:18]} {[%emt 00:00:13]} Rfg8 {[%clk 00:04:31]} {[%emt 00:00:02]} 23. Qf7
{[%clk 00:02:21]} {[%emt 00:00:02]} Nd8 {[%clk 00:04:35]} {[%emt 00:00:01]} 24.
Qxg8 {[%clk 00:01:47]} {[%emt 00:00:39]} Rxg8 {[%clk 00:04:39]} 25. h3 {[%clk
00:01:52]} Qd6 {[%clk 00:04:31]} {[%emt 00:00:12]} 26. Kb1 {[%clk 00:01:52]}
{[%emt 00:00:06]} Qf4 {[%clk 00:04:31]} {[%emt 00:00:04]} 27. c3 {[%clk
00:01:46]} {[%emt 00:00:12]} a5 {[%clk 00:04:34]} {[%emt 00:00:02]} 28. cxb4
{[%clk 00:01:26]} {[%emt 00:00:25]} axb4 {[%clk 00:04:38]} 29. b3 {[%clk
00:01:30]} Rh8 {[%clk 00:04:42]} {[%emt 00:00:01]} 30. Ne1 {[%clk 00:01:25]}
{[%emt 00:00:10]} Nc6 {[%clk 00:04:42]} {[%emt 00:00:05]} 31. Nc2 {[%clk
00:01:26]} {[%emt 00:00:04]} Qh2 {[%clk 00:04:34]} {[%emt 00:00:11]} 32. Ree3
{[%clk 00:01:29]} {[%emt 00:00:03]} Qd6 {[%clk 00:03:57]} {[%emt 00:00:42]} 33.
Re2 {[%clk 00:01:07]} {[%emt 00:00:28]} Kc8 {[%clk 00:03:53]} {[%emt 00:00:09]}
34. Kb2 {[%clk 00:01:05]} {[%emt 00:00:06]} Kb7 {[%clk 00:03:55]} {[%emt
00:00:04]} 35. Kb1 {[%clk 00:01:08]} {[%emt 00:00:02]} Bf8 {[%clk 00:03:46]}
{[%emt 00:00:14]} 36. Kb2 {[%clk 00:01:06]} {[%emt 00:00:07]} Bg7 {[%clk
00:03:50]} {[%emt 00:00:01]} 37. Kb1 {[%clk 00:01:10]} Rd8 {[%clk 00:03:42]}
{[%emt 00:00:13]} 38. Nde3 {[%clk 00:01:12]} {[%emt 00:00:02]} Bh6 {[%clk
00:03:36]} {[%emt 00:00:11]} 39. Nd1 {[%clk 00:01:09]} {[%emt 00:00:08]} e5
{[%clk 00:03:34]} {[%emt 00:00:07]} 40. dxe5 fxe5 {[%clk 00:03:38]} 41. Nde3
{[%clk 00:01:06]} {[%emt 00:00:06]} Bxe3 {[%clk 00:03:41]} {[%emt 00:00:02]} 42.
Nxe3 {[%clk 00:01:09]} {[%emt 00:00:02]} Qg6 {[%clk 00:03:39]} {[%emt
00:00:07]} 43. Red2 {[%clk 00:01:02]} {[%emt 00:00:12]} d4 {[%clk 00:03:41]}
{[%emt 00:00:03]} 44. Nf5 {[%clk 00:01:02]} {[%emt 00:00:05]} Rf8 {[%clk
00:03:43]} {[%emt 00:00:02]} 45. Kb2 {[%clk 00:01:03]} {[%emt 00:00:04]} e4
{[%clk 00:03:34]} {[%emt 00:00:14]} 46. Rg3 {[%clk 00:01:06]} {[%emt 00:00:02]}
Rxf5 {[%clk 00:03:37]} {[%emt 00:00:02]} 47. gxf5 {[%clk 00:01:10]} {[%emt
00:00:01]} Qxf5 {[%clk 00:03:41]} 48. Rc2 {[%clk 00:01:10]} {[%emt 00:00:05]}
d3 {[%clk 00:03:41]} {[%emt 00:00:05]} 49. Rd2 {[%clk 00:01:05]} {[%emt
00:00:10]} Nd4 {[%clk 00:03:40]} {[%emt 00:00:06]} 0-1

[Event "World Youth & Cadets Rapid Championships"]
[Site "Rhodes, Greece"]
[Date "2022.05.01"]
[Round "9.6"]
[White "Nareks, Matic"]
[Black "Rakhmatullaev, Almas"]
[Result "1-0"]
[TimeControl "10'/game & 5\"/move"]
[WhiteElo "1972"]
[BlackElo "2050"]

1. e4 {[%clk 00:10:09]} {[%emt 00:00:01]} e5 {[%clk 00:10:06]} {[%emt
00:00:04]} 2. Nf3 {[%clk 00:10:13]} Nc6 {[%clk 00:10:10]} {[%emt 00:00:01]} 3.
Bc4 {[%clk 00:10:16]} Nf6 {[%clk 00:10:13]} {[%emt 00:00:03]} 4. d4 {[%clk
00:10:19]} {[%emt 00:00:02]} exd4 {[%clk 00:10:08]} {[%emt 00:00:10]} 5. e5
{[%clk 00:10:23]} {[%emt 00:00:01]} d5 {[%clk 00:10:07]} {[%emt 00:00:06]} 6.
Bb5 {[%clk 00:10:27]} {[%emt 00:00:02]} Ne4 {[%clk 00:10:06]} {[%emt 00:00:05]}
7. Nxd4 {[%clk 00:10:29]} {[%emt 00:00:02]} Bd7 {[%clk 00:10:09]} {[%emt
00:00:03]} 8. Bxc6 {[%clk 00:10:32]} {[%emt 00:00:02]} bxc6 {[%clk 00:10:12]}
{[%emt 00:00:02]} 9. O-O {[%clk 00:10:20]} {[%emt 00:00:17]} c5 {[%clk
00:09:41]} {[%emt 00:00:36]} 10. Nb3 {[%clk 00:10:14]} {[%emt 00:00:11]} c6
{[%clk 00:09:38]} {[%emt 00:00:08]} 11. f3 {[%clk 00:10:10]} {[%emt 00:00:09]}
Ng5 {[%clk 00:09:41]} {[%emt 00:00:02]} 12. f4 {[%clk 00:10:13]} {[%emt
00:00:02]} Ne4 {[%clk 00:09:44]} {[%emt 00:00:02]} 13. c4 {[%clk 00:09:08]}
{[%emt 00:01:10]} Qb6 {[%clk 00:09:21]} {[%emt 00:00:28]} 14. Be3 {[%clk
00:08:46]} {[%emt 00:00:27]} d4 {[%clk 00:08:48]} {[%emt 00:00:38]} 15. N1d2
{[%clk 00:08:25]} {[%emt 00:00:26]} Bf5 {[%clk 00:08:07]} {[%emt 00:00:46]} 16.
Nxe4 {[%clk 00:08:12]} {[%emt 00:00:18]} Bxe4 {[%clk 00:08:10]} {[%emt
00:00:01]} 17. Bd2 {[%clk 00:08:16]} {[%emt 00:00:02]} a5 {[%clk 00:08:03]}
{[%emt 00:00:12]} 18. Qe2 {[%clk 00:07:48]} {[%emt 00:00:33]} Bf5 {[%clk
00:07:42]} {[%emt 00:00:26]} 19. g4 {[%clk 00:07:47]} {[%emt 00:00:06]} Bc8
{[%clk 00:07:37]} {[%emt 00:00:09]} 20. Bc1 {[%clk 00:07:21]} {[%emt 00:00:32]}
h5 {[%clk 00:07:01]} {[%emt 00:00:41]} 21. f5 {[%clk 00:06:57]} {[%emt
00:00:28]} hxg4 {[%clk 00:06:42]} {[%emt 00:00:25]} 22. e6 {[%clk 00:06:30]}
{[%emt 00:00:32]} a4 {[%clk 00:05:11]} {[%emt 00:01:37]} 23. Nd2 {[%clk
00:05:41]} {[%emt 00:00:54]} a3 {[%clk 00:03:36]} {[%emt 00:01:39]} 24. bxa3
{[%clk 00:05:17]} {[%emt 00:00:28]} Bd6 {[%clk 00:02:33]} {[%emt 00:01:09]} 25.
exf7+ {[%clk 00:05:17]} {[%emt 00:00:05]} Kxf7 {[%clk 00:02:31]} {[%emt
00:00:08]} 26. Qxg4 {[%clk 00:05:11]} {[%emt 00:00:10]} Bxh2+ {[%clk 00:02:08]}
{[%emt 00:00:29]} 27. Kg2 {[%clk 00:05:15]} {[%emt 00:00:01]} Be5 {[%clk
00:01:53]} {[%emt 00:00:20]} 28. Qg6+ {[%clk 00:04:51]} {[%emt 00:00:28]} Kf8
{[%clk 00:01:38]} {[%emt 00:00:20]} 29. Nf3 {[%clk 00:04:45]} {[%emt 00:00:11]}
Qc7 {[%clk 00:01:24]} {[%emt 00:00:20]} 30. Re1 {[%clk 00:04:14]} {[%emt
00:00:36]} Bd7 {[%clk 00:00:22]} {[%emt 00:01:07]} 31. Nxe5 {[%clk 00:03:52]}
{[%emt 00:00:27]} Be8 {[%clk 00:00:25]} {[%emt 00:00:01]} 32. Qg3 {[%clk
00:03:39]} {[%emt 00:00:17]} Qa5 {[%clk 00:00:21]} {[%emt 00:00:10]} 33. Ng6+
{[%clk 00:03:10]} {[%emt 00:00:34]} Bxg6 {[%clk 00:00:20]} {[%emt 00:00:06]} 34.
fxg6 {[%clk 00:03:14]} {[%emt 00:00:02]} Kg8 {[%clk 00:00:15]} {[%emt
00:00:10]} 35. Qf3 {[%clk 00:02:33]} {[%emt 00:00:45]} Rf8 {[%clk 00:00:10]}
{[%emt 00:00:10]} 36. Re8 {[%clk 00:02:32]} {[%emt 00:00:06]} Rh2+ {[%clk
00:00:09]} {[%emt 00:00:06]} 37. Kxh2 {[%clk 00:02:21]} {[%emt 00:00:15]} Qc7+
{[%clk 00:00:14]} {[%emt 00:00:01]} 38. Bf4 {[%clk 00:02:15]} {[%emt 00:00:11]}
1-0

[Event "World Youth & Cadets Rapid Championships"]
[Site "Rhodes, Greece"]
[Date "2022.05.01"]
[Round "9.7"]
[White "Olenik Campa, Rudi"]
[Black "Mikko, Rondo"]
[Result "1-0"]
[TimeControl "10'/game & 5\"/move"]
[WhiteElo "1917"]
[BlackElo "1892"]

1. e4 {[%clk 00:10:09]} {[%emt 00:00:01]} e6 {[%clk 00:10:08]} {[%emt
00:00:03]} 2. d3 {[%clk 00:09:43]} {[%emt 00:00:30]} d5 {[%clk 00:10:11]}
{[%emt 00:00:02]} 3. Nd2 {[%clk 00:09:46]} {[%emt 00:00:02]} Nf6 {[%clk
00:10:12]} {[%emt 00:00:03]} 4. g3 {[%clk 00:09:46]} {[%emt 00:00:05]} Be7
{[%clk 00:10:06]} {[%emt 00:00:11]} 5. Bg2 {[%clk 00:09:49]} {[%emt 00:00:02]}
O-O {[%clk 00:10:05]} {[%emt 00:00:06]} 6. f4 {[%clk 00:09:39]} {[%emt
00:00:15]} c5 {[%clk 00:10:04]} {[%emt 00:00:07]} 7. e5 {[%clk 00:09:38]}
{[%emt 00:00:06]} Nfd7 {[%clk 00:09:47]} {[%emt 00:00:22]} 8. Ngf3 {[%clk
00:09:42]} {[%emt 00:00:01]} b6 {[%clk 00:09:46]} {[%emt 00:00:05]} 9. O-O
{[%clk 00:09:43]} {[%emt 00:00:04]} Nc6 {[%clk 00:09:49]} {[%emt 00:00:03]} 10.
c3 {[%clk 00:09:45]} {[%emt 00:00:03]} Bb7 {[%clk 00:09:51]} {[%emt 00:00:03]}
11. Qe2 {[%clk 00:09:42]} {[%emt 00:00:07]} Re8 {[%clk 00:08:57]} {[%emt
00:01:00]} 12. g4 {[%clk 00:09:40]} {[%emt 00:00:07]} d4 {[%clk 00:08:12]}
{[%emt 00:00:49]} 13. c4 {[%clk 00:09:27]} {[%emt 00:00:19]} Nb4 {[%clk
00:07:58]} {[%emt 00:00:20]} 14. Ne4 {[%clk 00:09:11]} {[%emt 00:00:20]} f6
{[%clk 00:07:24]} {[%emt 00:00:38]} 15. exf6 {[%clk 00:08:11]} {[%emt
00:01:05]} gxf6 {[%clk 00:07:15]} {[%emt 00:00:14]} 16. a3 {[%clk 00:08:05]}
{[%emt 00:00:12]} Na6 {[%clk 00:06:52]} {[%emt 00:00:28]} 17. f5 {[%clk
00:07:51]} {[%emt 00:00:18]} exf5 {[%clk 00:06:34]} {[%emt 00:00:23]} 18. gxf5
{[%clk 00:07:54]} {[%emt 00:00:02]} Qc7 {[%clk 00:04:20]} {[%emt 00:02:19]} 19.
Nh4 {[%clk 00:07:38]} {[%emt 00:00:20]} Ne5 {[%clk 00:04:12]} {[%emt 00:00:15]}
20. Bf4 {[%clk 00:07:29]} {[%emt 00:00:14]} Bxe4 {[%clk 00:03:45]} {[%emt
00:00:32]} 21. Bxe4 {[%clk 00:07:28]} {[%emt 00:00:05]} Rad8 {[%clk 00:03:40]}
{[%emt 00:00:11]} 22. Qh5 {[%clk 00:07:17]} {[%emt 00:00:16]} Bd6 {[%clk
00:03:36]} {[%emt 00:00:08]} 23. Kh1 {[%clk 00:07:13]} {[%emt 00:00:09]} Bf8
{[%clk 00:03:15]} {[%emt 00:00:28]} 24. Rg1+ {[%clk 00:07:08]} {[%emt
00:00:09]} Bg7 {[%clk 00:03:16]} {[%emt 00:00:03]} 25. Bh6 {[%clk 00:07:09]}
{[%emt 00:00:04]} Re7 {[%clk 00:03:17]} {[%emt 00:00:04]} 26. Rg3 {[%clk
00:06:51]} {[%emt 00:00:23]} Kh8 {[%clk 00:01:55]} {[%emt 00:01:28]} 27. Rag1
{[%clk 00:06:45]} {[%emt 00:00:11]} Bxh6 {[%clk 00:01:17]} {[%emt 00:00:42]} 28.
Qxh6 {[%clk 00:06:48]} {[%emt 00:00:02]} Rf7 {[%clk 00:01:19]} {[%emt
00:00:04]} 29. Ng6+ {[%clk 00:06:27]} {[%emt 00:00:25]} Nxg6 {[%clk 00:01:19]}
{[%emt 00:00:05]} 30. fxg6 {[%clk 00:06:30]} {[%emt 00:00:02]} Rg7 {[%clk
00:01:16]} {[%emt 00:00:09]} 31. gxh7 {[%clk 00:06:26]} {[%emt 00:00:09]} Rxg3
{[%clk 00:01:15]} {[%emt 00:00:06]} 32. Rxg3 {[%clk 00:06:28]} {[%emt
00:00:02]} Qf7 {[%clk 00:01:01]} {[%emt 00:00:20]} 33. Rg8+ {[%clk 00:05:58]}
{[%emt 00:00:35]} Rxg8 {[%clk 00:00:48]} {[%emt 00:00:18]} 34. hxg8=Q+ {[%clk
00:05:58]} {[%emt 00:00:05]} Kxg8 {[%clk 00:00:49]} {[%emt 00:00:04]} 35. Bd5
{[%clk 00:06:01]} {[%emt 00:00:01]} Qxd5+ {[%clk 00:00:51]} {[%emt 00:00:03]}
36. cxd5 {[%clk 00:06:05]} {[%emt 00:00:02]} 1-0

[Event "World Youth & Cadets Rapid Championships"]
[Site "Rhodes, Greece"]
[Date "2022.05.01"]
[Round "9.8"]
[White "Pidluznij, Gleb"]
[Black "Andreev, Konstantin"]
[Result "0-1"]
[TimeControl "10'/game & 5\"/move"]
[WhiteElo "2051"]
[BlackElo "1928"]

1. d4 {[%clk 00:10:09]} {[%emt 00:00:01]} d5 {[%clk 00:10:08]} {[%emt
00:00:01]} 2. Bg5 {[%clk 00:10:12]} {[%emt 00:00:02]} Nf6 {[%clk 00:10:07]}
{[%emt 00:00:07]} 3. Bxf6 {[%clk 00:10:15]} {[%emt 00:00:02]} exf6 {[%clk
00:10:08]} {[%emt 00:00:03]} 4. e3 {[%clk 00:10:18]} {[%emt 00:00:02]} Bd6
{[%clk 00:10:06]} {[%emt 00:00:07]} 5. Nd2 {[%clk 00:10:08]} {[%emt 00:00:16]}
O-O {[%clk 00:09:54]} {[%emt 00:00:17]} 6. g3 {[%clk 00:10:07]} {[%emt
00:00:05]} c6 {[%clk 00:09:49]} {[%emt 00:00:11]} 7. Bg2 {[%clk 00:10:07]}
{[%emt 00:00:05]} Nd7 {[%clk 00:09:00]} {[%emt 00:00:54]} 8. Ne2 {[%clk
00:10:10]} {[%emt 00:00:02]} f5 {[%clk 00:08:57]} {[%emt 00:00:08]} 9. O-O
{[%clk 00:10:11]} {[%emt 00:00:04]} Nf6 {[%clk 00:08:57]} {[%emt 00:00:04]} 10.
c4 {[%clk 00:10:14]} {[%emt 00:00:03]} Ne4 {[%clk 00:08:24]} {[%emt 00:00:37]}
11. Nxe4 {[%clk 00:08:58]} {[%emt 00:01:22]} fxe4 {[%clk 00:08:09]} {[%emt
00:00:19]} 12. Nc3 {[%clk 00:09:02]} {[%emt 00:00:02]} Be6 {[%clk 00:08:04]}
{[%emt 00:00:10]} 13. Qb3 {[%clk 00:08:48]} {[%emt 00:00:20]} Qb6 {[%clk
00:06:49]} {[%emt 00:01:19]} 14. cxd5 {[%clk 00:07:51]} {[%emt 00:01:01]} Qxb3
{[%clk 00:06:41]} {[%emt 00:00:14]} 15. axb3 {[%clk 00:07:55]} {[%emt
00:00:01]} cxd5 {[%clk 00:06:44]} {[%emt 00:00:02]} 16. Nb5 {[%clk 00:07:56]}
{[%emt 00:00:04]} Bb8 {[%clk 00:06:35]} {[%emt 00:00:12]} 17. Rfc1 {[%clk
00:08:00]} {[%emt 00:00:02]} Bd7 {[%clk 00:05:49]} {[%emt 00:00:52]} 18. Nc7
{[%clk 00:07:48]} {[%emt 00:00:17]} Bxc7 {[%clk 00:05:51]} {[%emt 00:00:03]} 19.
Rxc7 {[%clk 00:07:52]} {[%emt 00:00:01]} Bc6 {[%clk 00:05:54]} {[%emt
00:00:03]} 20. Bh3 {[%clk 00:07:04]} {[%emt 00:00:53]} Rfd8 {[%clk 00:05:57]}
{[%emt 00:00:02]} 21. b4 {[%clk 00:07:04]} {[%emt 00:00:04]} a6 {[%clk
00:05:57]} {[%emt 00:00:04]} 22. Bf1 {[%clk 00:07:01]} {[%emt 00:00:08]} Rac8
{[%clk 00:05:06]} {[%emt 00:00:57]} 23. Rxc8 {[%clk 00:06:58]} {[%emt
00:00:08]} Rxc8 {[%clk 00:05:10]} 24. Ra5 {[%clk 00:05:22]} {[%emt 00:01:41]}
Kf8 {[%clk 00:04:42]} {[%emt 00:00:33]} 25. b5 {[%clk 00:04:02]} {[%emt
00:01:24]} axb5 {[%clk 00:04:45]} {[%emt 00:00:03]} 26. Bxb5 {[%clk 00:04:06]}
{[%emt 00:00:01]} Ke7 {[%clk 00:04:36]} {[%emt 00:00:14]} 27. b4 {[%clk
00:03:06]} {[%emt 00:01:05]} Kd6 {[%clk 00:03:58]} {[%emt 00:00:43]} 28. Be2
{[%clk 00:02:28]} {[%emt 00:00:41]} Bd7 {[%clk 00:03:52]} {[%emt 00:00:12]} 29.
Ra7 {[%clk 00:01:40]} {[%emt 00:00:54]} Bh3 {[%clk 00:03:13]} {[%emt 00:00:43]}
30. f3 {[%clk 00:01:42]} {[%emt 00:00:03]} Rc2 {[%clk 00:02:49]} {[%emt
00:00:28]} 31. Kf2 {[%clk 00:01:38]} {[%emt 00:00:10]} exf3 {[%clk 00:02:49]}
{[%emt 00:00:05]} 32. Kxf3 {[%clk 00:01:42]} {[%emt 00:00:02]} f5 {[%clk
00:02:37]} {[%emt 00:00:17]} 33. Rxb7 {[%clk 00:00:27]} {[%emt 00:01:21]} g5
{[%clk 00:02:22]} {[%emt 00:00:19]} 34. Rxh7 {[%clk 00:00:10]} {[%emt
00:00:22]} Bg4+ {[%clk 00:02:25]} {[%emt 00:00:02]} 35. Kf2 {[%clk 00:00:13]}
{[%emt 00:00:02]} Rxe2+ {[%clk 00:02:29]} {[%emt 00:00:01]} 36. Kf1 {[%clk
00:00:17]} Rxe3 {[%clk 00:02:11]} {[%emt 00:00:23]} 37. Rg7 {[%clk 00:00:19]}
{[%emt 00:00:02]} Re4 {[%clk 00:01:52]} {[%emt 00:00:24]} 38. Rg6+ {[%clk
00:00:11]} {[%emt 00:00:13]} Ke7 {[%clk 00:01:55]} {[%emt 00:00:02]} 39. Rxg5
{[%clk 00:00:10]} {[%emt 00:00:06]} Kf7 {[%clk 00:01:41]} {[%emt 00:00:19]} 40.
Kg2 {[%clk 00:00:06]} {[%emt 00:00:09]} Rxd4 {[%clk 00:01:42]} {[%emt
00:00:05]} 41. b5 {[%clk 00:00:06]} {[%emt 00:00:05]} Rb4 {[%clk 00:01:40]}
{[%emt 00:00:06]} 42. h3 {[%clk 00:00:10]} {[%emt 00:00:02]} Rb2+ {[%clk
00:01:44]} {[%emt 00:00:02]} 43. Kg1 {[%clk 00:00:13]} Bxh3 {[%clk 00:01:43]}
{[%emt 00:00:06]} 44. Rh5 {[%clk 00:00:16]} {[%emt 00:00:02]} Bg4 {[%clk
00:01:41]} {[%emt 00:00:07]} 45. Rh7+ {[%clk 00:00:19]} {[%emt 00:00:01]} Ke6
{[%clk 00:01:37]} {[%emt 00:00:10]} 46. b6 {[%clk 00:00:21]} {[%emt 00:00:02]}
d4 {[%clk 00:01:32]} {[%emt 00:00:10]} 47. Rh8 {[%clk 00:00:11]} {[%emt
00:00:15]} d3 {[%clk 00:01:23]} {[%emt 00:00:14]} 48. Rd8 {[%clk 00:00:13]}
{[%emt 00:00:04]} d2 {[%clk 00:01:25]} {[%emt 00:00:03]} 49. b7 {[%clk
00:00:14]} {[%emt 00:00:04]} d1=Q+ {[%clk 00:01:19]} {[%emt 00:00:11]} 50. Rxd1
{[%clk 00:00:17]} {[%emt 00:00:02]} Bxd1 {[%clk 00:01:22]} {[%emt 00:00:01]}
0-1

[Event "World Youth & Cadets Rapid Championships"]
[Site "Rhodes, Greece"]
[Date "2022.05.01"]
[Round "9.9"]
[White "Sapenov, Daniyal"]
[Black "Gurel, Ediz"]
[Result "0-1"]
[TimeControl "10'/game & 5\"/move"]
[WhiteElo "1848"]
[BlackElo "1779"]

1. d4 {[%clk 00:10:09]} d5 {[%clk 00:10:10]} {[%emt 00:00:01]} 2. c4 {[%clk
00:10:09]} {[%emt 00:00:05]} c6 {[%clk 00:10:14]} {[%emt 00:00:01]} 3. Nf3
{[%clk 00:10:04]} {[%emt 00:00:09]} Nf6 {[%clk 00:10:18]} {[%emt 00:00:02]} 4.
Nc3 {[%clk 00:10:05]} {[%emt 00:00:03]} dxc4 {[%clk 00:10:19]} {[%emt
00:00:04]} 5. a4 {[%clk 00:10:09]} {[%emt 00:00:01]} Bf5 {[%clk 00:10:14]}
{[%emt 00:00:10]} 6. Ne5 {[%clk 00:09:55]} {[%emt 00:00:19]} Nbd7 {[%clk
00:10:05]} {[%emt 00:00:15]} 7. Nxc4 {[%clk 00:09:58]} {[%emt 00:00:02]} a5
{[%clk 00:09:56]} {[%emt 00:00:13]} 8. g3 {[%clk 00:09:32]} {[%emt 00:00:30]}
e6 {[%clk 00:09:37]} {[%emt 00:00:24]} 9. Bg2 {[%clk 00:09:19]} {[%emt
00:00:19]} Bb4 {[%clk 00:09:31]} {[%emt 00:00:11]} 10. O-O {[%clk 00:09:18]}
{[%emt 00:00:06]} O-O {[%clk 00:09:33]} {[%emt 00:00:03]} 11. e4 {[%clk
00:08:40]} {[%emt 00:00:43]} Bg6 {[%clk 00:09:30]} {[%emt 00:00:08]} 12. Qe2
{[%clk 00:07:08]} {[%emt 00:01:36]} Nb6 {[%clk 00:08:38]} {[%emt 00:00:58]} 13.
Ne5 {[%clk 00:06:50]} {[%emt 00:00:23]} Qxd4 {[%clk 00:07:52]} {[%emt
00:00:51]} 14. Nxg6 {[%clk 00:06:46]} {[%emt 00:00:09]} hxg6 {[%clk 00:07:56]}
{[%emt 00:00:02]} 15. Be3 {[%clk 00:06:49]} {[%emt 00:00:01]} Qd8 {[%clk
00:08:00]} {[%emt 00:00:01]} 16. Rfd1 {[%clk 00:06:06]} {[%emt 00:00:48]} Nbd7
{[%clk 00:07:47]} {[%emt 00:00:18]} 17. g4 {[%clk 00:05:16]} {[%emt 00:00:56]}
Qe7 {[%clk 00:07:14]} {[%emt 00:00:38]} 18. g5 {[%clk 00:04:50]} {[%emt
00:00:31]} Nh5 {[%clk 00:04:41]} {[%emt 00:02:37]} 19. Bf3 {[%clk 00:04:13]}
{[%emt 00:00:42]} Ne5 {[%clk 00:03:43]} {[%emt 00:01:03]} 20. Bxh5 {[%clk
00:04:15]} {[%emt 00:00:03]} gxh5 {[%clk 00:03:47]} {[%emt 00:00:01]} 21. Qxh5
{[%clk 00:04:17]} {[%emt 00:00:03]} Rad8 {[%clk 00:03:04]} {[%emt 00:00:48]} 22.
Rxd8 {[%clk 00:03:39]} {[%emt 00:00:43]} Rxd8 {[%clk 00:02:51]} {[%emt
00:00:18]} 23. Rd1 {[%clk 00:03:39]} {[%emt 00:00:05]} Rxd1+ {[%clk 00:02:41]}
{[%emt 00:00:15]} 24. Qxd1 {[%clk 00:03:42]} {[%emt 00:00:02]} Bc5 {[%clk
00:02:41]} {[%emt 00:00:05]} 25. Bf4 {[%clk 00:02:16]} {[%emt 00:01:31]} Ng6
{[%clk 00:02:36]} {[%emt 00:00:09]} 26. Bc1 {[%clk 00:02:16]} {[%emt 00:00:05]}
Qc7 {[%clk 00:02:15]} {[%emt 00:00:26]} 27. Kg2 {[%clk 00:01:48]} {[%emt
00:00:34]} Nh4+ {[%clk 00:01:40]} {[%emt 00:00:40]} 28. Kg1 {[%clk 00:01:12]}
{[%emt 00:00:41]} Qb6 {[%clk 00:01:18]} {[%emt 00:00:27]} 29. Qe2 {[%clk
00:00:52]} {[%emt 00:00:24]} Bd4 {[%clk 00:01:19]} {[%emt 00:00:05]} 30. Nd1
{[%clk 00:00:28]} {[%emt 00:00:29]} Qc5 {[%clk 00:01:00]} {[%emt 00:00:24]} 31.
Be3 {[%clk 00:00:19]} {[%emt 00:00:14]} Bxe3 {[%clk 00:01:02]} {[%emt
00:00:03]} 32. Qxe3 {[%clk 00:00:23]} Qc2 {[%clk 00:00:40]} {[%emt 00:00:27]}
33. Nc3 {[%clk 00:00:27]} Qxb2 {[%clk 00:00:41]} {[%emt 00:00:05]} 34. h3
{[%clk 00:00:14]} {[%emt 00:00:18]} b5 {[%clk 00:00:38]} {[%emt 00:00:07]} 35.
axb5 {[%clk 00:00:14]} {[%emt 00:00:05]} cxb5 {[%clk 00:00:43]} 36. Qg3 {[%clk
00:00:16]} {[%emt 00:00:03]} Qc1+ {[%clk 00:00:16]} {[%emt 00:00:31]} 37. Kh2
{[%clk 00:00:20]} {[%emt 00:00:01]} Qxg5 {[%clk 00:00:14]} {[%emt 00:00:07]} 38.
Nxb5 {[%clk 00:00:14]} {[%emt 00:00:11]} Qxb5 {[%clk 00:00:09]} {[%emt
00:00:10]} 39. Qxh4 {[%clk 00:00:19]} Qb8+ {[%clk 00:00:09]} {[%emt 00:00:05]}
40. Kg2 {[%clk 00:00:22]} a4 {[%clk 00:00:12]} {[%emt 00:00:03]} 0-1